|
|
|
|
| LEADER |
00000nam0a2200000 4500 |
| 001 |
159322 |
| 005 |
20231031155013.0 |
| 010 |
|
|
|a 5020145637
|
| 020 |
|
|
|a RU
|b 91-45546
|
| 035 |
|
|
|a (RuTPU)RU\TPU\book\172793
|
| 090 |
|
|
|a 159322
|
| 100 |
|
|
|a 20090507d1991 m a0rusy5003 ca
|
| 101 |
0 |
|
|a rus
|
| 102 |
|
|
|a RU
|
| 105 |
|
|
|a a z 001zy
|
| 200 |
1 |
|
|a Нить времен
|e малая энциклопедия календаря с заметками на полях газет
|f С. Куликов
|
| 210 |
|
|
|a Москва
|c Наука
|d 1991
|
| 215 |
|
|
|a 287,[1] с.
|c ил.
|d 20 см
|
| 320 |
|
|
|a Библиогр.: с. 287-288.
|
| 610 |
1 |
|
|a календари
|
| 610 |
1 |
|
|a энциклопедии
|
| 610 |
1 |
|
|a календарные темы
|
| 610 |
1 |
|
|a церковные календари
|
| 610 |
1 |
|
|a недели
|
| 610 |
1 |
|
|a Луна
|
| 610 |
1 |
|
|a фазы
|
| 610 |
1 |
|
|a астрология
|
| 675 |
|
|
|a 529.(031)
|z rus
|
| 700 |
|
1 |
|a Куликов
|b С.
|g Сергей
|4 070
|
| 801 |
|
0 |
|a RU
|b RuMRKP
|c 19950417
|g psbo
|
| 801 |
|
1 |
|a RU
|b 63413507
|c 20090507
|g PSBO
|
| 801 |
|
2 |
|a RU
|b 63413507
|c 20091208
|g PSBO
|
| 942 |
|
|
|c BK
|